|
|
|
|
| LEADER |
02421cam a2200577 i 4500 |
| 001 |
nkc20172954038 |
| 003 |
CZ PrNK |
| 005 |
20251121102358.0 |
| 007 |
ta |
| 008 |
171130s2017 xr e p 000 0 rus d |
| 015 |
|
|
|a cnb002954038
|
| 020 |
|
|
|a 978-80-7290-957-5
|q (brožováno)
|
| 035 |
|
|
|a (OCoLC)1028219591
|
| 040 |
|
|
|a KLG001
|b cze
|d OLA001
|d ABA001
|e rda
|
| 041 |
0 |
|
|a rus
|a cze
|
| 043 |
|
|
|a e-ru---
|
| 072 |
|
7 |
|a 811.161.1
|x Ruština
|2 Konspekt
|9 11
|
| 072 |
|
7 |
|a 37.016
|x Učební osnovy. Vyučovací předměty. Učebnice
|2 Konspekt
|9 22
|
| 080 |
|
|
|a 811.161.1
|2 MRF
|
| 080 |
|
|
|a 908(470+571)
|2 MRF
|
| 080 |
|
|
|a (075.8)
|2 MRF
|
| 080 |
|
|
|a (076.5)
|2 MRF
|
| 100 |
1 |
|
|a Rozboudová, Lenka,
|d 1981-
|7 ola2018977019
|4 aut
|
| 245 |
1 |
0 |
|a Ruský jazyk :
|b jazyková cvičení a reálie.
|n II.,
|p Rodina, zaměstnání, volný čas, kultura, sport /
|c Lenka Rozboudová, Jakub Konečný
|
| 246 |
3 |
0 |
|a Rodina, zaměstnání, volný čas, kultura, sport
|
| 264 |
|
1 |
|a Praha :
|b Univerzita Karlova, Pedagogická fakulta,
|c 2017
|
| 300 |
|
|
|a 184 stran ;
|c 30 cm
|
| 336 |
|
|
|a text
|b txt
|2 rdacontent
|
| 337 |
|
|
|a bez média
|b n
|2 rdamedia
|
| 338 |
|
|
|a svazek
|b nc
|2 rdacarrier
|
| 500 |
|
|
|a Pod názvem: studijní materiály
|
| 504 |
|
|
|a Obsahuje bibliografii
|
| 521 |
8 |
|
|a Určeno studentům 1. ročníku bakalářského programu Ruský jazyk se zaměřením na vzdělávání jako podpora pro výuku předmětu Jazyková cvičení a reálie ruského jazyka II
|
| 546 |
|
|
|a Ruský a částečně český text
|
| 650 |
0 |
7 |
|a ruština
|7 ph125351
|2 czenas
|
| 650 |
0 |
9 |
|a Russian language
|2 eczenas
|
| 651 |
|
7 |
|a Rusko
|7 ge128566
|x reálie
|2 czenas
|
| 651 |
|
9 |
|a Russia
|x history and geography
|2 eczenas
|
| 655 |
|
7 |
|a učebnice vysokých škol
|7 fd133772
|2 czenas
|
| 655 |
|
7 |
|a praktická cvičení
|7 fd133118
|2 czenas
|
| 655 |
|
9 |
|a textbooks (higher)
|2 eczenas
|
| 655 |
|
9 |
|a problems, exercises, etc
|2 eczenas
|
| 700 |
1 |
|
|a Konečný, Jakub,
|d 1987-
|7 ola2013741374
|4 aut
|
| 710 |
2 |
|
|a Univerzita Karlova.
|b Pedagogická fakulta (Praha, Česko)
|7 kn20010710353
|4 isb
|
| 910 |
2 |
|
|a BOA001
|b 4-1402.541
|
| 920 |
|
|
|a 1159093
|z KLG001
|
| 990 |
|
|
|a BK
|
| 995 |
|
|
|a 01
|
| 991 |
|
|
|b 201801
|c NOV
|
| 996 |
6 |
|
|b 2610732041
|c 4-1402.541
|l MZK
|r Sklad / do 1 hodiny
|n 1
|p p.v.
|w 001648548
|u 000010
|a 1
|e BOA001
|j MZK50
|s P
|
| 996 |
7 |
|
|b 2610740999
|c 4-1402.541
|l Vol.výběr
|r VV 1p
|n 6
|p kup
|h 811.161.1 ROZ
|w 001648548
|u 000020
|a 0
|e BOA001
|j MZK50
|s A
|